Estadísticas para Países de Asia

Haz click aquí para intentar la prueba.

Estadísticas generales

  • Esta prueba ha sido intentada 44 veces
  • La puntuación promedio es 43 de 48

Respuestas en el mapa

Las respuestas están codificadas por una escala verde-roja en el mapa de la prueba según el % correcto abajo.
 

Estadísticas de respuestas

País% Correcto
Arabia Saudita
100%
China
100%
Corea del Sur
100%
Catar
97%
Corea del Norte
97%
Emiratos Árabes Unidos
97%
India
97%
Irak
97%
Japón
97%
Mongolia
97%
Afganistán
93%
Azerbaiyán
93%
Chipre
93%
Indonesia
93%
Irán
93%
Israel
93%
Omán
93%
Turquía
93%
Yemen
93%
Armenia
90%
Filipinas
90%
Georgia
90%
Kazajistán
90%
Laos
90%
Líbano
90%
Nepal
90%
Pakistán
90%
Singapur
90%
Tailandia
90%
Taiwán
90%
Uzbekistán
90%
Vietnam
90%
Baréin
86%
Jordania
86%
Siria
86%
Bangladés
83%
Brunéi
83%
Bután
83%
Camboya
83%
Kirguistán
83%
Myanmar
83%
Sri Lanka
83%
Tayikistán
83%
Turkmenistán
83%
Malasia
79%
Maldivas
79%
Timor Oriental
79%
Kuwait
76%

Distribución de puntuación

Porcentaje por número respondido

Porcentaje de gente con cada puntuación

Historial de tus puntuaciones

No has intentado esta prueba.